000 00574nam a2200217Ia 4500
003 OSt
005 20220926043412.0
006 a|||||r|||| 00| 0
007 ta
008 220923b |||||||| |||| 00| 0 eng d
037 _cGeneral Book
040 _aRTL
_cRTL
_beng
041 _2eng
_aeng
082 _aX9J:9.2.N3, H4
100 _aBRIJ NARAIN
_9100715
245 0 _aAgricultural worker and the Punjab land revenue co
260 _c1944
650 _aLabour
_9232562
942 _hX9J:9.2.N3, H4
_cGB
_2CC
999 _c672213
_d672213